000 00287nam a2200121Ia 4500
008 231129s9999||||xx |||||||||||||| ||spa||
082 _aI823 C623f
100 _aCleland John
245 0 _aFanny Hill : memorias de una cortesana
260 _c198
264 _as.n.]
942 _2ddc
_cBKS
999 _c13875
_d13875